000 00377nam a22001457a 4500
003 MACL
005 20200312124038.0
008 200312b xxu||||| |||| 00| 0 eng d
040 _cMACL
100 _aBarnwal,Mahesh Kumar
_978624
245 _aGepgraphy of India ( The Gist of NCERT) VI -XII
260 _aDelhi
_bCosmos
_c2020
650 _aGeography
_978625
942 _2ddc
_cBK
999 _c62384
_d62384